[Event "Cto Aragon Equipos 2016 D Honor Gr II"]
[Site "Aragon"]
[Date "2016.01.30"]
[Round "1.26"]
[White "Gines Esteo, Pedro Antonio"]
[Black "Ramon Perez, Jose Luis"]
[Result "0-1"]
[WhiteElo "2192"]
[BlackElo "2238"]
[PlyCount "66"]
[EventDate "2016.??.??"]
[WhiteTeam "Ibercaja A"]
[BlackTeam "Agrupacion A"]

1. d4 e6 2. Nf3 f5 3. e3 Nf6 4. Bd3 b6 5. O-O Bb7 6. c4 Ne4 7. Nc3 Bb4 8. Qb3
Bxc3 9. bxc3 O-O 10. Ba3 Rf6 11. d5 Rh6 12. Rad1 c5 13. Rfe1 d6 14. g3 Nd7 15.
Bf1 Ndf6 16. Bg2 Qe8 17. Qc2 Qh5 18. h3 Re8 19. Nd2 Ng5 20. h4 Nge4 21. Nxe4
fxe4 22. Bxe4 exd5 23. Bg2 Qf7 24. cxd5 Bxd5 25. e4 Qg6 26. Qa4 Bxe4 27. Bxe4
Rxe4 28. Qb3+ c4 29. Qb5 Rexh4 30. Kf1 Rh1+ 31. Ke2 Rxe1+ 32. Kxe1 Rh1+ 33. Ke2
Qe4+ 0-1

[Event "Cto Aragon Equipos 2016 D Honor Gr II"]
[Site "Aragon"]
[Date "2016.01.30"]
[Round "1.27"]
[White "Remiro Juste, Fernando Jose"]
[Black "Eizaguerri Floris, Maria"]
[Result "1-0"]
[WhiteElo "2231"]
[BlackElo "1906"]
[PlyCount "77"]
[EventDate "2016.??.??"]
[WhiteTeam "Agrupacion A"]
[BlackTeam "Ibercaja A"]

1. Nf3 d5 2. g3 Nf6 3. Bg2 Bf5 4. O-O e6 5. d3 h6 6. Nbd2 Be7 7. Qe1 O-O 8. e4
Bh7 9. Qe2 c5 10. Ne1 Nc6 11. c3 b5 12. f4 Qb6 13. Kh1 b4 14. f5 dxe4 15. dxe4
exf5 16. e5 Nd7 17. e6 Nde5 18. exf7+ Nxf7 19. Nc4 Qa6 20. Qe6 Rac8 21. Ne5 Qe2
22. Bf4 Bf6 23. Qc4 Qxc4 24. Nxc4 bxc3 25. bxc3 Bxc3 26. Rc1 Bd4 27. Bd5 Kh8
28. Nf3 Nb4 29. Bxf7 Rxf7 30. Nd6 Rcf8 31. Nxf7+ Rxf7 32. Nxd4 cxd4 33. Rc8+
Bg8 34. Rb1 Nd5 35. Rbb8 Nf6 36. Be5 d3 37. Bxf6 d2 38. Rxg8+ Kh7 39. Rgd8 1-0

[Event "Cto Aragon Equipos 2016 D Honor Gr II"]
[Site "Aragon"]
[Date "2016.01.30"]
[Round "1.28"]
[White "Torcal Miguel, Oscar"]
[Black "Mimbela Lopez, Miguel A"]
[Result "1/2-1/2"]
[WhiteElo "1902"]
[BlackElo "2149"]
[PlyCount "65"]
[EventDate "2016.??.??"]
[WhiteTeam "Ibercaja A"]
[BlackTeam "Agrupacion A"]

1. e4 e5 2. Nf3 Nc6 3. Bc4 Bc5 4. c3 Qe7 5. d3 d6 6. Bb3 Nf6 7. O-O h6 8. Nbd2
g5 9. Nc4 g4 10. Ne1 Bd7 11. a4 a6 12. Be3 Bxe3 13. Nxe3 Be6 14. Bxe6 Qxe6 15.
Nf5 O-O-O 16. Qe2 Ne7 17. Nxe7+ Qxe7 18. Nc2 h5 19. Ne3 Qd7 20. Rfd1 Rdg8 21.
b4 h4 22. g3 Rh7 23. b5 a5 24. Nf5 Nh5 25. Nxh4 Nf4 26. Qe3 b6 27. d4 f6 28. c4
Ng6 29. Nxg6 Rxg6 30. Rac1 Rxh2 31. Kf1 Qf7 32. Ke2 Rgh6 33. Qd3 1/2-1/2

[Event "Cto Aragon Equipos 2016 D Honor Gr II"]
[Site "Aragon"]
[Date "2016.01.30"]
[Round "1.29"]
[White "Moreno Gracia, Daniel"]
[Black "Forcen Esteban, Daniel"]
[Result "0-1"]
[WhiteElo "2337"]
[BlackElo "2555"]
[PlyCount "77"]
[EventDate "2016.??.??"]
[WhiteTeam "L'Aurora Estadilla A"]
[BlackTeam "Jaime Casas A"]

1. Nf3 Nf6 2. b3 c5 3. Bb2 e6 4. e3 Be7 5. d4 cxd4 6. exd4 O-O 7. Bd3 b6 8. O-O
Bb7 9. Nbd2 Nc6 10. a3 d5 11. Re1 Rc8 12. Qe2 Rc7 13. Rad1 Qa8 14. Ng5 Bd6 15.
g3 h6 16. Nh3 Ne7 17. f3 Re8 18. Nf1 Ng6 19. Ne3 Rcc8 20. Nf2 Nd7 21. Bxg6 fxg6
22. Qd3 Nf8 23. Neg4 a5 24. Ne5 Ba6 25. Qd2 Rc7 26. Nfd3 Qd8 27. Re3 Qe7 28.
Nf4 g5 29. Nfg6 Nxg6 30. Nxg6 Qf6 31. Ne5 Bxe5 32. dxe5 Qf5 33. c3 a4 34. bxa4
Rc4 35. Qd3 Qxd3 36. Rdxd3 Rxa4 37. Rd4 Bc4 38. Kf2 Ra5 39. Rd2 {Tiempo del
blanco.} 0-1

[Event "Cto Aragon Equipos 2016 D Honor Gr II"]
[Site "Aragon"]
[Date "2016.01.30"]
[Round "1.30"]
[White "Antoli Royo, Joaquin Miguel"]
[Black "Solano Lasierra, Javier"]
[Result "1-0"]
[WhiteElo "2449"]
[BlackElo "2117"]
[PlyCount "55"]
[EventDate "2016.??.??"]
[WhiteTeam "Jaime Casas A"]
[BlackTeam "L'Aurora Estadilla A"]

1. e4 c6 2. d4 d5 3. exd5 cxd5 4. c4 Nf6 5. Nc3 Nc6 6. Bg5 e6 7. Nf3 Be7 8. a3
O-O 9. Bd3 dxc4 10. Bxc4 a6 11. O-O b5 12. Ba2 Bb7 13. Qd3 h6 14. Bxf6 Bxf6 15.
Ne4 Bxd4 16. Rad1 e5 17. Rfe1 Qe7 18. Bb1 g6 19. Nxd4 Nxd4 20. Qe3 Kg7 21. Ng3
Nc6 22. f4 Rad8 23. f5 Rxd1 24. Rxd1 Rd8 25. Rf1 Qh4 26. Be4 Qg5 27. Qb6 Ba8
28. fxg6 1-0

[Event "Cto Aragon Equipos 2016 D Honor Gr II"]
[Site "Aragon"]
[Date "2016.01.30"]
[Round "1.31"]
[White "Felez Casedas, Carlos"]
[Black "Ramiro Ovejero, Juan Luis"]
[Result "0-1"]
[WhiteElo "2012"]
[BlackElo "2370"]
[PlyCount "122"]
[EventDate "2016.??.??"]
[WhiteTeam "L'Aurora Estadilla A"]
[BlackTeam "Jaime Casas A"]

1. e4 c5 2. Nf3 e6 3. c3 d5 4. exd5 Qxd5 5. d4 Nf6 6. Bb5+ Bd7 7. Bxd7+ Nbxd7
8. O-O Bd6 9. dxc5 Qxd1 10. Rxd1 Bxc5 11. Nbd2 O-O-O 12. Nf1 Ng4 13. Be3 Nxe3
14. Nxe3 Bxe3 15. fxe3 a6 16. Kf1 f6 17. Ke2 e5 18. Rd2 Nc5 19. Rad1 Na4 20.
Rc2 e4 21. Rxd8+ Rxd8 22. Nd4 Rd5 23. c4 Rh5 24. h3 Rg5 25. Kf1 Nc5 26. Kg1 h5
27. b3 g6 28. Ne2 Nd3 29. Nf4 Nxf4 30. exf4 Rg3 31. Rd2 f5 32. Rd6 Kc7 33. c5
a5 34. Kf2 h4 35. Rb6 Rc3 36. Rxg6 Rxc5 37. Ke3 Rc3+ 38. Kd2 Rd3+ 39. Ke2 a4
40. bxa4 Rd5 41. g4 hxg3 42. Rxg3 Ra5 43. Rc3+ Kd6 44. Rc4 b5 45. axb5 Rxa2+
46. Ke3 Ra3+ 47. Ke2 Rb3 48. Rc6+ Kd5 49. Rf6 e3 50. Rxf5+ Kd4 51. Rf8 Rb2+ 52.
Ke1 Ke4 53. Re8+ Kf3 54. Kd1 Rxb5 55. f5 Rd5+ 56. Ke1 Ra5 57. Kd1 e2+ 58. Kd2
Rd5+ 59. Kc1 Rxf5 60. Kd2 Rd5+ 61. Kc2 Rd1 0-1

[Event "Cto Aragon Equipos 2016 D Honor Gr II"]
[Site "Aragon"]
[Date "2016.01.30"]
[Round "1.32"]
[White "Fontana Sotomayor, Luis Javier"]
[Black "Moreno Gracia, David"]
[Result "1-0"]
[WhiteElo "2315"]
[BlackElo "1937"]
[PlyCount "121"]
[EventDate "2016.??.??"]
[WhiteTeam "Jaime Casas A"]
[BlackTeam "L'Aurora Estadilla A"]

1. Nf3 d5 2. b3 Nf6 3. Bb2 e6 4. e3 Be7 5. c4 O-O 6. Be2 b6 7. O-O Bb7 8. Nc3
Nbd7 9. Rc1 c5 10. Qc2 Rc8 11. Rfd1 Qc7 12. cxd5 exd5 13. d4 Rfd8 14. Qf5 Qb8
15. Bd3 cxd4 16. Nxd4 Ne5 17. Be2 Ng6 18. Qb1 Bc5 19. Nf5 Ne7 20. Nb5 Nxf5 21.
Qxf5 Be7 22. Be5 Rxc1 23. Rxc1 Qa8 24. Rc7 Bc8 25. Qc2 Bd7 26. Rxa7 Qc8 27. Rc7
Qb8 28. Nd4 Rc8 29. Ba6 Rxc7 30. Qxc7 Qxc7 31. Bxc7 Bc5 32. Nc2 Bf5 33. Nd4 Bd7
34. f3 Kf8 35. Kf2 Ne8 36. Bb8 Ke7 37. Bd3 Nd6 38. Nc2 Nf5 39. g4 Nh6 40. b4
Bd6 41. Bxd6+ Kxd6 42. Nd4 g6 43. g5 Ng8 44. h4 h6 45. Bc2 h5 46. a4 Ne7 47.
Ke2 Nc8 48. Kd2 Kc7 49. Kc3 Nd6 50. Bb3 Bc6 51. b5 Bb7 52. Kb4 Ne8 53. a5 bxa5+
54. Kxa5 Nd6 55. b6+ Kd7 56. Kb4 Ba8 57. Kc5 Nb7+ 58. Kb5 Nd6+ 59. Kc5 Nb7+ 60.
Kxd5 Na5+ 61. Kc5 1-0

[Event "Cto Aragón Eq Play-off Preferente"]
[Site "Aragón"]
[Date "2016.01.30"]
[Round "1.33"]
[White "Sierra Aguerri, Joaquin"]
[Black "Planas Torrea, Francisco Javie"]
[Result "1-0"]
[WhiteElo "2059"]
[BlackElo "2040"]
[PlyCount "59"]
[EventDate "2016.04.09"]
[WhiteTeam "Tauste"]
[BlackTeam "Ejea"]

1. d4 d5 2. Nf3 Nf6 3. e3 Bg4 4. c4 Bxf3 5. Qxf3 e6 6. Bd3 c6 7. O-O Be7 8. b3
O-O 9. Bb2 Nbd7 10. Nc3 Qa5 11. a3 Qb6 12. b4 dxc4 13. Bxc4 Nd5 14. Na4 Qd8 15.
Bd3 Bd6 16. e4 Nf4 17. Bc2 Ng6 18. e5 Be7 19. Qe4 Re8 20. f4 Nb6 21. f5 exf5
22. Qxf5 Qd5 23. Nxb6 axb6 24. Rf3 Qe6 25. Qd3 Rf8 26. Raf1 Qd7 27. Bb3 Bg5 28.
Rxf7 Rxf7 29. Rxf7 Qd8 30. Rd7+ 1-0

[Event "Cto Aragón Eq Play-off Preferente"]
[Site "Aragón"]
[Date "2016.01.30"]
[Round "1.34"]
[White "Planas Torrea, Alberto"]
[Black "Fernandez Rubio, Rafael"]
[Result "0-1"]
[WhiteElo "1967"]
[BlackElo "2042"]
[PlyCount "90"]
[EventDate "2016.04.09"]
[WhiteTeam "Ejea"]
[BlackTeam "Tauste"]

1. e4 d6 2. d4 Nf6 3. Nc3 Nbd7 4. Nge2 e5 5. g3 Be7 6. Bg2 O-O 7. O-O c6 8. h3
Qc7 9. g4 b5 10. a3 a6 11. Ng3 g6 12. Kh1 Bb7 13. f4 exd4 14. Nce2 c5 15. c3
dxc3 16. g5 Ne8 17. Nxc3 Ng7 18. Nd5 Bxd5 19. exd5 f6 20. h4 fxg5 21. hxg5 c4
22. Be3 Rae8 23. Bd4 Nc5 24. Bxg7 Kxg7 25. Qd4+ Kg8 26. Bh3 h5 27. Rae1 h4 28.
Be6+ Kh7 29. f5 Bxg5 30. fxg6+ Kxg6 31. Rxf8 Rxf8 32. Ne4 Rf4 33. Kg2 Qb7 34.
Qh8 Nxe4 35. Rxe4 Rxe4 36. Qe8+ Kh6 37. Qh8+ Qh7 38. Qxh7+ Kxh7 39. Bf5+ Kg7
40. Bxe4 Bc1 41. Kh3 Kf6 42. Kxh4 Bxb2 43. a4 Ke5 44. axb5 Kxe4 45. b6 Bf6+ 0-1

[Event "Cto Aragón Eq Play-off Preferente"]
[Site "Aragón"]
[Date "2016.01.30"]
[Round "1.35"]
[White "Sancho Casale, Jesus"]
[Black "Merin Flores, Miguel Angel"]
[Result "1-0"]
[WhiteElo "1997"]
[BlackElo "1747"]
[PlyCount "83"]
[EventDate "2016.04.09"]
[WhiteTeam "Tauste"]
[BlackTeam "Ejea"]

1. Nf3 Nf6 2. c4 e6 3. g3 Be7 4. Bg2 O-O 5. O-O d5 6. b3 c6 7. Bb2 Nbd7 8. d4
Re8 9. Nbd2 Qc7 10. Rc1 Bf8 11. Rc2 Bb4 12. a3 Bxd2 13. Nxd2 Qb6 14. Qa1 a5 15.
Re1 Qd8 16. e4 dxe4 17. Nxe4 Nxe4 18. Bxe4 f5 19. Bf3 Nf6 20. Rce2 Rf8 21. d5
cxd5 22. cxd5 exd5 23. Bxf6 Qxf6 24. Bxd5+ Kh8 25. Re8 Bd7 26. Qxf6 gxf6 27.
Rxa8 Rxa8 28. Bxb7 Ra7 29. Bd5 Bb5 30. a4 Bd3 31. Re3 Bc2 32. Rc3 Bb1 33. f4
Kg7 34. Kf2 Kf8 35. Ke3 Ke7 36. Rc6 Rd7 37. Bc4 Rd1 38. Re6+ Kd7 39. Rxf6 Re1+
40. Kd4 Re4+ 41. Kc5 Bc2 42. Rf7+ 1-0

[Event "Cto Aragón Eq Play-off Preferente"]
[Site "Aragón"]
[Date "2016.01.30"]
[Round "1.36"]
[White "Galvez Longas, Isaac"]
[Black "Bogomilov Georgiev, Georgi Ii"]
[Result "1-0"]
[WhiteElo "1715"]
[BlackElo "1953"]
[PlyCount "78"]
[EventDate "2016.04.09"]
[WhiteTeam "Ejea"]
[BlackTeam "Tauste"]

1. c4 e5 2. Nc3 Nf6 3. d3 Nc6 4. Nf3 g6 5. Bg5 h6 6. Bxf6 Qxf6 7. Nd5 Qd6 8.
Nd2 f5 9. e4 Be7 10. c5 Qxc5 11. Rc1 Qa5 12. a3 O-O 13. Rxc6 dxc6 14. Nxe7+ Kf7
15. Nxc8 fxe4 16. Qb3+ Kf6 17. Kd1 Raxc8 18. Nxe4+ Kg7 19. Qe6 Qd5 20. Qg4 Rcd8
21. Qe2 b5 22. f3 b4 23. axb4 Rb8 24. Nd2 Rxb4 25. b3 Rff4 26. Qe3 Rfd4 27. Ke1
Qa5 28. Kf2 Rb5 29. Be2 Rdd5 30. Rc1 Rbc5 31. Nc4 Qb4 32. Nxe5 Rxc1 33. Qxc1
Qd6 34. Nxc6 Rh5 35. Qc3+ Kf8 36. Qh8+ Kf7 37. Ne5+ Ke6 38. Nc4 Kd7 39. d4 c6
1-0

[Event "Cto Aragón Eq Play-off Preferente"]
[Site "Aragón"]
[Date "2016.01.30"]
[Round "1.37"]
[White "Palacios Herrero, Pablo"]
[Black "Jaques Burguete, Raul"]
[Result "1/2-1/2"]
[WhiteElo "2149"]
[BlackElo "2011"]
[PlyCount "105"]
[EventDate "2016.04.09"]
[WhiteTeam "Palacio de Pioneros A"]
[BlackTeam "St. Casablanca D"]

1. e4 Nc6 2. Nf3 d5 3. exd5 Qxd5 4. Nc3 Qa5 5. d4 Bd7 6. d5 Nb8 7. Bc4 b5 8.
Bb3 Nf6 9. O-O b4 10. Ne2 Ba4 11. c4 Bxb3 12. Qxb3 c5 13. Nf4 g6 14. Re1 Nbd7
15. Bd2 Qc7 16. Qd3 O-O-O 17. a3 Nb6 18. axb4 cxb4 19. Ne5 e6 20. Qh3 Bd6 21.
Nc6 Bxf4 22. Bxf4 Qxf4 23. Nxd8 Ng4 24. Qg3 Qxg3 25. hxg3 Rxd8 26. Rxa7 Rd7 27.
Rxd7 Kxd7 28. dxe6+ fxe6 29. f3 Nh6 30. Re5 Nf7 31. Rb5 Nxc4 32. Rxb4 Nfd6 33.
Kf2 h5 34. Ke2 Ke7 35. Rb8 Ne5 36. Ra8 Nf5 37. f4 Nc4 38. b3 Ncd6 39. b4 Nxg3+
40. Kf3 Ngf5 41. g4 Nd4+ 42. Kg3 Ne4+ 43. Kh4 Nf6 44. Ra7+ Kd6 45. gxh5 gxh5
46. Rf7 Nd5 47. Kxh5 Nf5 48. Kg5 Ng3 49. Kg4 Ne2 50. b5 Kc5 51. Rf8 Kxb5 52.
Re8 Nexf4 53. Rxe6 1/2-1/2

[Event "Cto Aragón Eq Play-off Preferente"]
[Site "Aragón"]
[Date "2016.01.30"]
[Round "1.38"]
[White "Antonano Fedz-Quincoces, Aveli"]
[Black "Romero Pallares, Daniel"]
[Result "0-1"]
[WhiteElo "2006"]
[BlackElo "2135"]
[PlyCount "77"]
[EventDate "2016.04.09"]
[WhiteTeam "St. Casablanca D"]
[BlackTeam "Palacio de Pioneros A"]

1. e4 g6 2. d4 Bg7 3. Nf3 d6 4. Bc4 Nf6 5. Qe2 c6 6. e5 dxe5 7. dxe5 Nd5 8. O-O
Bg4 9. Re1 Nd7 10. Bxd5 cxd5 11. Bf4 e6 12. Nbd2 O-O 13. h3 Bxf3 14. Nxf3 Qb6
15. c3 Rfc8 16. Be3 Qc7 17. Bd4 a6 18. Qe3 b6 19. b4 Rab8 20. Nd2 Rb7 21. a4 a5
22. f4 Bf8 23. Reb1 Rcb8 24. Kh2 Qc6 25. Qd3 Bh6 26. g3 Bf8 27. h4 axb4 28.
cxb4 Rc7 29. Ra2 Ra8 30. a5 bxa5 31. bxa5 Bc5 32. Rc1 Qb7 33. Rac2 Rxa5 34. Nb3
Ra3 35. Rc3 Bb6 36. Bxb6 Rxc3 37. Rxc3 Qxb6 38. Qc2 Kg7 39. Nc5 0-1

[Event "Cto Aragón Eq Play-off Preferente"]
[Site "Aragón"]
[Date "2016.01.30"]
[Round "1.39"]
[White "Echarte Buil, Oscar"]
[Black "Alvarez Gonzalo, Miguel Angel"]
[Result "1-0"]
[WhiteElo "2118"]
[BlackElo "1896"]
[PlyCount "83"]
[EventDate "2016.04.09"]
[WhiteTeam "Palacio de Pioneros A"]
[BlackTeam "St. Casablanca D"]

1. c4 c5 2. g3 Nc6 3. Bg2 Nf6 4. Nc3 e6 5. e4 g6 6. f4 d6 7. Nge2 Bg7 8. O-O
O-O 9. h3 a6 10. g4 Nd7 11. f5 Nde5 12. b3 Nd3 13. Rb1 Nxc1 14. Rxc1 Rb8 15. a4
Bh6 16. Qe1 Ne5 17. Rd1 Bg5 18. d4 Be3+ 19. Kh1 Nc6 20. dxc5 Bxc5 21. f6 Kh8
22. g5 e5 23. Nd5 Be6 24. Nec3 Bd4 25. b4 Bxc3 26. Qxc3 Bxd5 27. Rxd5 Qc7 28.
Rfd1 Nd4 29. c5 dxc5 30. Qxc5 Rbc8 31. Qxc7 Rxc7 32. Rxe5 Nc6 33. Rc5 Rcc8 34.
b5 axb5 35. axb5 Na7 36. Rxc8 Rxc8 37. b6 Nc6 38. Rd7 Nd8 39. e5 Rb8 40. Bd5
Kg8 41. Kg2 Kf8 42. Kf3 1-0

[Event "Cto Aragón Eq Play-off Preferente"]
[Site "Aragón"]
[Date "2016.01.30"]
[Round "1.40"]
[White "Solanas Godes, Beatriz"]
[Black "Baquedano Coarasa, Pablo"]
[Result "0-1"]
[WhiteElo "1849"]
[BlackElo "2031"]
[PlyCount "84"]
[EventDate "2016.04.09"]
[WhiteTeam "St. Casablanca D"]
[BlackTeam "Palacio de Pioneros A"]

1. e4 c5 2. Nf3 d6 3. d4 cxd4 4. Bb5+ Nc6 5. Nxd4 Qc7 6. Nc3 e6 7. O-O Be7 8.
Re1 Bd7 9. Bxc6 bxc6 10. Be3 Nf6 11. f4 O-O 12. f5 c5 13. Ndb5 Qb6 14. Qd3 exf5
15. exf5 d5 16. Bf2 Rae8 17. a4 d4 18. Ne2 Bc6 19. Na3 Qb7 20. Qh3 Bd6 21. Nc4
Bc7 22. Ng3 Bd5 23. b3 Qb4 24. Rxe8 Rxe8 25. Nf1 Bxc4 26. bxc4 Qxc4 27. Qd3 Qd5
28. Nd2 Ng4 29. Nf1 Be5 30. c3 c4 31. Qd1 Nxf2 32. Kxf2 Qc5 33. Kf3 Qc6+ 34.
Kf2 dxc3 35. Rc1 Qb6+ 36. Kf3 Rd8 37. Qe2 Rd3+ 38. Ne3 Bd4 39. Re1 Rxe3+ 40.
Qxe3 Bxe3 41. Rxe3 Qc6+ 42. Kf2 c2 0-1

[Event "Cto Aragón Eq Play-off Preferente"]
[Site "Aragón"]
[Date "2016.01.30"]
[Round "1.41"]
[White "Accattato Martin, Nicola"]
[Black "Cifuentes Parada, Roberto"]
[Result "1-0"]
[WhiteElo "2000"]
[BlackElo "2469"]
[PlyCount "92"]
[EventDate "2016.04.09"]
[WhiteTeam "Monsalud"]
[BlackTeam "Jaque"]

1. a3 d5 2. d4 Nf6 3. Nf3 Bf5 4. c4 c6 5. cxd5 Nxd5 6. Qb3 Qb6 7. Qxb6 axb6 8.
Bd2 e6 9. Nc3 Nxc3 10. Bxc3 b5 11. Rc1 Na6 12. Nh4 Be4 13. f3 Bd5 14. e4 Bb3
15. f4 Bd6 16. g3 O-O 17. Be2 f5 18. Nf3 fxe4 19. Ne5 Bd5 20. O-O b4 21. Bxa6
bxc3 22. Bxb7 Ra7 23. bxc3 Bxe5 24. dxe5 Bc4 25. Bxc6 Bxf1 26. Kxf1 g5 27. Ke2
gxf4 28. Bxe4 Rxa3 29. gxf4 Rxf4 30. Rg1+ Kh8 31. Kd3 Rh4 32. Rg2 Ra5 33. Rb2
Rxe5 34. Rb8+ Kg7 35. Rb7+ Kf6 36. Bxh7 Rd5+ 37. Kc2 Rxh2+ 38. Kb3 Rdd2 39. Kc4
Rd8 40. Rc7 Ke5 41. Kc5 Rd5+ 42. Kc6 Rh4 43. Kb7 Rb5+ 44. Kc8 Ra5 45. c4 Kd4
46. Kb7 Rb5+ 1-0

[Event "Cto Aragón Eq Play-off Preferente"]
[Site "Aragón"]
[Date "2016.01.30"]
[Round "1.42"]
[White "Ereza Vizcarra, Fernando"]
[Black "Lacruz Algarate, Alvaro"]
[Result "0-1"]
[WhiteElo "1937"]
[BlackElo "1986"]
[PlyCount "98"]
[EventDate "2016.04.09"]
[WhiteTeam "Jaque"]
[BlackTeam "Monsalud"]

1. d4 e6 2. Nf3 Nf6 3. e3 c5 4. Bd3 Nc6 5. c3 b6 6. Nbd2 Bb7 7. O-O Qc7 8. e4
cxd4 9. cxd4 Nb4 10. Bb1 Ba6 11. Re1 Nd3 12. Bxd3 Bxd3 13. Re3 Ba6 14. Rc3 Qd8
15. a3 Be7 16. Qc2 O-O 17. Nf1 d5 18. Ng3 dxe4 19. Nxe4 Bb7 20. Neg5 h6 21. Nh3
Bxf3 22. Rxf3 Qxd4 23. Be3 Qe4 24. Qc7 Nd5 25. Qb7 Bf6 26. Re1 Bxb2 27. Bd2 Qc2
28. Bb4 Nxb4 29. axb4 Bc3 30. Rf1 Bxb4 31. Rxf7 Rxf7 32. Qxa8+ Kh7 33. Qe8 Qf5
34. Kh1 Bc5 35. f3 Re7 36. Qb5 e5 37. Nf2 Bxf2 38. Rxf2 Rd7 39. g4 Qe6 40. Qa4
Qd5 41. Kg2 Qd4 42. Qc2+ Qd3 43. Qc6 Rd4 44. Qc7 e4 45. Qxa7 exf3+ 46. Kg3 Qe4
47. h3 Qf4+ 48. Kh4 Rd5 49. Qb7 Rh5+ 0-1

[Event "Cto Aragón Eq Play-off Preferente"]
[Site "Aragón"]
[Date "2016.01.30"]
[Round "1.43"]
[White "Soriano Gracia, Manuel"]
[Black "Perez Puyal, Jose Joaquin"]
[Result "1/2-1/2"]
[WhiteElo "1856"]
[BlackElo "1855"]
[PlyCount "122"]
[EventDate "2016.04.09"]
[WhiteTeam "Monsalud"]
[BlackTeam "Jaque"]

1. e4 d5 2. exd5 Qxd5 3. Nc3 Qa5 4. Bc4 Nf6 5. d3 c6 6. Nge2 Bf5 7. a3 e6 8.
Bd2 Qc7 9. Ng3 Bg6 10. Nce4 Nbd7 11. Qe2 Be7 12. O-O O-O 13. Ng5 Nd5 14. Nf3
Bf6 15. d4 Qb6 16. Bc3 Nxc3 17. bxc3 Qa5 18. Qd2 Nb6 19. Bd3 c5 20. Bxg6 hxg6
21. Ne4 Be7 22. Qd3 cxd4 23. cxd4 Rfd8 24. Rfb1 Rac8 25. Rb5 Qa4 26. Rb3 Qc4
27. Qxc4 Rxc4 28. c3 Rdc8 29. Ne5 R4c7 30. Rc1 Nd5 31. c4 b6 32. Rd1 Nf4 33. g3
Nh3+ 34. Kg2 Ng5 35. Nxg5 Bxg5 36. d5 exd5 37. cxd5 Rd8 38. d6 Rc5 39. Nf3 Bf6
40. Rbd3 Rd7 41. Ne1 Rc6 42. f4 g5 43. Nf3 gxf4 44. gxf4 g6 45. Ne5 Bxe5 46.
fxe5 Kg7 47. Kg3 g5 48. Kg4 Kg6 49. Rd4 Rc5 50. Rd5 Rc4+ 51. R1d4 f5+ 52. Kg3
Rc3+ 53. Rd3 Rxd3+ 54. Rxd3 Kf7 55. h4 gxh4+ 56. Kf4 Ke6 57. Rh3 Rh7 58. a4 a6
59. Rb3 b5 60. axb5 axb5 61. Rxb5 h3 1/2-1/2

[Event "Cto Aragón Eq Play-off Preferente"]
[Site "Aragón"]
[Date "2016.01.30"]
[Round "1.44"]
[White "Escartin Lacasa, Jose"]
[Black "Moreno Martin-Viveros, Alvaro"]
[Result "0-1"]
[WhiteElo "1841"]
[BlackElo "1777"]
[PlyCount "62"]
[EventDate "2016.04.09"]
[WhiteTeam "Jaque"]
[BlackTeam "Monsalud"]

1. d4 Nf6 2. Nf3 c5 3. c3 g6 4. Bf4 Bg7 5. e3 cxd4 6. exd4 O-O 7. Be2 d5 8. O-O
Nc6 9. Na3 a6 10. h3 Re8 11. b4 Ne4 12. Qb3 e5 13. dxe5 Nxe5 14. Rac1 b5 15.
Rfd1 Bb7 16. Nd4 Qf6 17. Be3 Rac8 18. Nb1 Nc4 19. Bxc4 dxc4 20. Qc2 Bf8 21. Nf3
Bd6 22. Bd4 Qf5 23. Be3 Re7 24. Re1 Rce8 25. Rcd1 Qh5 26. Nd4 Ng5 27. Nc6 Bxc6
28. Rxd6 Bxg2 29. Qd1 Qxh3 30. f4 Nf3+ 31. Kf2 Nxe1 0-1

[Event "Cto Aragón Eq Play-off Preferente"]
[Site "Aragón"]
[Date "2016.01.30"]
[Round "1.45"]
[White "Sanmartin Agustin, Borja"]
[Black "Ainsa Claver, Ignacio"]
[Result "0-1"]
[WhiteElo "2016"]
[BlackElo "1954"]
[PlyCount "118"]
[EventDate "2016.04.09"]
[WhiteTeam "El Olivar C"]
[BlackTeam "Sabiñanigo"]

1. e4 e6 2. d4 d5 3. Nc3 Nf6 4. Bg5 Be7 5. e5 Nfd7 6. Bxe7 Qxe7 7. Qg4 g6 8.
O-O-O a6 9. h4 h5 10. Qf4 c5 11. Nf3 Nc6 12. dxc5 Nxc5 13. Ng5 b5 14. a3 b4 15.
axb4 Nxb4 16. Rd4 Rb8 17. Rh3 O-O 18. g4 hxg4 19. Qxg4 Nc6 20. Rd2 Nxe5 21. Qg3
Qf6 22. h5 Rb4 23. hxg6 Nxg6 24. Nh7 Qe5 25. Nxf8 Qxg3 26. Rxg3 Kxf8 27. Rf3
Ne5 28. Rh3 Bb7 29. Rh8+ Ke7 30. Rb8 Rh4 31. Ne2 Ra4 32. Kb1 Nc6 33. Rh8 Ne4
34. Rd3 Ne5 35. Nc3 Nxd3 36. Nxa4 Ndxf2 37. Rb8 Bc6 38. Bxa6 Bxa4 39. b4 Nd6
40. b5 Bxb5 41. Bxb5 Nxb5 42. Rxb5 Ne4 43. Kc1 Kf6 44. Rb7 Nd6 45. Rd7 Ke5 46.
Kd2 f5 47. Ke3 Nc4+ 48. Kd3 f4 49. Rf7 Nd6 50. Rf8 Ne4 51. Ke2 Nf6 52. Kf3 Kf5
53. Rxf6+ Kxf6 54. Kxf4 e5+ 55. Ke3 Kf5 56. Kf3 d4 57. Kf2 Kf4 58. Ke2 Ke4 59.
Kf2 d3 0-1

[Event "Cto Aragón Eq Play-off Preferente"]
[Site "Aragón"]
[Date "2016.01.30"]
[Round "1.46"]
[White "Climente Martinez, Jose Luis"]
[Black "De La Riva Fernandez, Eduardo"]
[Result "1-0"]
[WhiteElo "1924"]
[BlackElo "1922"]
[PlyCount "119"]
[EventDate "2016.04.09"]
[WhiteTeam "Sabiñanigo"]
[BlackTeam "El Olivar C"]

1. d4 Nf6 2. Nf3 e6 3. c4 b6 4. Nc3 Bb7 5. Bg5 d5 6. cxd5 exd5 7. e3 h6 8. Bh4
Be7 9. Bb5+ c6 10. Bd3 O-O 11. Ne5 Nbd7 12. f4 c5 13. O-O cxd4 14. exd4 Ne4 15.
Bxe7 Qxe7 16. Rc1 Rac8 17. Nxd7 Qxd7 18. Qb3 Nd2 19. Qc2 Nxf1 20. Bf5 Rxc3 21.
bxc3 Ne3 22. Bxd7 Nxc2 23. Rxc2 Ba6 24. Rc1 Rd8 25. Bc6 Rd6 26. Ba4 Bc4 27. Re1
g6 28. Bb3 Rc6 29. Re3 Kf8 30. Kf2 a5 31. Ke1 b5 32. Kd2 f6 33. g4 Kf7 34. h4
a4 35. Bxc4 bxc4 36. g5 hxg5 37. hxg5 Rb6 38. a3 Rb2+ 39. Kc1 Rf2 40. gxf6 Rxf4
41. Re5 Rf5 42. Kd2 Kxf6 43. Re8 Rf2+ 44. Kc1 Ra2 45. Rd8 Ke6 46. Rg8 Kf5 47.
Rd8 Ke4 48. Rg8 Rxa3 49. Kb2 Rb3+ 50. Kc2 a3 51. Rxg6 Rb2+ 52. Kc1 Rf2 53. Kb1
Kd3 54. Rg3+ Kd2 55. Ka2 Kc2 56. Kxa3 Rd2 57. Kb4 Kb2 58. Rg5 Kc2 59. Rxd5 Rd3
60. Rh5 1-0

[Event "Cto Aragón Eq Play-off Preferente"]
[Site "Aragón"]
[Date "2016.01.30"]
[Round "1.47"]
[White "Hernandez Delgado, Gabriel"]
[Black "Garcia Estruch, Jorge"]
[Result "0-1"]
[WhiteElo "1905"]
[BlackElo "1883"]
[PlyCount "96"]
[EventDate "2016.04.09"]
[WhiteTeam "El Olivar C"]
[BlackTeam "Sabiñanigo"]

1. Nf3 d5 2. g3 Nf6 3. Bg2 b6 4. O-O Bb7 5. d3 Nbd7 6. Nbd2 e5 7. e4 dxe4 8.
dxe4 Bc5 9. Qe2 O-O 10. Nh4 g6 11. Nb3 Be7 12. Rd1 c5 13. Nd2 Qc7 14. a4 a5 15.
Nc4 Rad8 16. Bg5 Rfe8 17. Rd3 Nf8 18. Bxf6 Bxf6 19. Rad1 Rd4 20. Rxd4 cxd4 21.
Na3 Rc8 22. Bh3 Rd8 23. Nf3 Qc6 24. Nd2 Qxa4 25. Qc4 Qc6 26. Qxc6 Bxc6 27. Bf1
Ne6 28. Nac4 Rb8 29. f3 a4 30. b3 b5 31. Na5 Bd7 32. Rb1 Ra8 33. b4 Bg5 34. Rd1
Be3+ 35. Kg2 Rc8 36. Bd3 Rc3 37. Nb1 Rc8 38. Na3 Rb8 39. h4 Nc7 40. Rb1 Bd2 41.
c3 Bxc3 42. Nc2 Rb6 43. Na3 Na6 44. Nc2 Be6 45. f4 Ba2 46. Rc1 f6 47. fxe5 fxe5
48. Ne3 Nxb4 0-1